Teen Titans Go Members - Statistics

General Stats
  • This quiz has been taken 52 times
  • The average score is 5 of 5
Answer Stats
Member % Correct
Raven
100%
Starfire
100%
Cyborg
98%
Robin
98%
Beast Boy
96%
No matching quizzes found
Score Distribution
Percent of People with Each Score
Percentile by Number Answered
Your Score History
You have not taken this quiz